000 01924nam0a2200325 i 4500
001 RU\NLR\BIBL_A\011318134
005 20241104002429.0
010 _a9785206009828
_9200
021 _aRU
_b2016-100205
_96669
035 _a(NILC)RuMoRGB-007846974
035 _a(NLR Aleph) 011318134
090 _a11062087
_c11062087
100 _a20170131d2016 k y0rusy50 ca
101 0 _arus
102 _aRU
105 _ay z 001zy
200 1 _aСессии Парламентского собрания Союза Беларуси и России
_iСорок седьмая - сорок девятая сессии, 5 декабря 2014 года, 24 июня 2015 года, 18 февраля 2016 года
_eинформация о сессиях, стенограмма заседаний, протоколы
_fПарламентское собрание Союза Беларуси и России
210 _aМосква
_cИздание Секретариата Парламентского Собрания
_cИзвестия
_d2016
215 _a511 с.
_d21
300 _aЗагл. обл.: Официальные материалы и документы, 2014-2016
320 _aИмен. указ. выступивших на сессии: с. 510-511
512 1 _aОфициальные материалы и документы, 2014-2016
601 0 2 _aСоюз Беларуси и России
_bПарламентское собрание
_jСтенографические отчеты
_92136666
_3RU\NLR\AUTH\661288324
686 1 _aХ915.282.09
710 0 1 _aСоюзное государство
_bПарламентское собрание
_9824419
_3RU\NLR\AUTH\880579392
942 _cBOOK
980 _aNBR